UN COMMON SENSE OF ADVERTISING GETTING THE BASICS RIG (Record no. 13950)

MARC details
000 -LEADER
fixed length control field 00350nam a2200133Ia 4500
008 - FIXED-LENGTH DATA ELEMENTS--GENERAL INFORMATION
fixed length control field 240624s9999 xx 000 0 und d
041 ## - LANGUAGE CODE
Language code of text/sound track or separate title eng
082 ## - DEWEY DECIMAL CLASSIFICATION NUMBER
Classification number 659.1 TIW
100 ## - MAIN ENTRY--PERSONAL NAME
Personal name TIWARI SANJAY
245 ## - TITLE STATEMENT
Title UN COMMON SENSE OF ADVERTISING GETTING THE BASICS RIG
260 ## - PUBLICATION, DISTRIBUTION, ETC.
Date of publication, distribution, etc. 2003
Place of publication, distribution, etc. New Delhi
Name of publisher, distributor, etc. Response Books
300 ## - PHYSICAL DESCRIPTION
Extent 320 : p.
365 ## - TRADE PRICE
Currency code RS
Price amount 34
Holdings
Withdrawn status Lost status Damaged status Not for loan Home library Current library Shelving location Date acquired Source of acquisition Cost, normal purchase price Total Checkouts Total Holds Full call number Barcode Date last seen Date last checked out Copy number Price effective from Koha item type
        IMTN IMTN Rack 35-B 10/27/2009 AP 475.00 1 1335 659.1 TIW 13950 11/24/2024 11/16/2024 1 06/24/2024 Books
Designed & Maintained by: LRC IMT Nagpur Contact: lrc@imtnag.ac.in© 2024. All Rights Reserved.